Bài giảng kỹ thuật nuôi cá cảnh và thủy đặc sản ( Ngành nuôi trồng Thủy sản, hệ đại học)

সংরক্ষণ করুন:
গ্রন্থ-পঞ্জীর বিবরন
প্রধান লেখক: Nguyễn, Thị Thủy
সংস্থা লেখক: Trường Đại học đồng Tháp
বিন্যাস: গ্রন্থ
প্রকাশিত: Đồng Tháp 2014
বিষয়গুলি:
ট্যাগগুলো: ট্যাগ যুক্ত করুন
কোনো ট্যাগ নেই, প্রথমজন হিসাবে ট্যাগ করুন!
Thư viện lưu trữ: Trung tâm Học liệu Lê Vũ Hùng, Trường Đại học Đồng Tháp
LEADER 00928pam a22002658a 4500
001 00037796
008 170514s2014 ||||||Viesd
005 20171026081025.0
041 0 # |a Vie 
082 1 4 |a 639.8  |b B103GI 
100 1 # |a Nguyễn, Thị Thủy 
110 1 # |a Trường Đại học đồng Tháp 
245 1 0 |a Bài giảng kỹ thuật nuôi cá cảnh và thủy đặc sản  |b ( Ngành nuôi trồng Thủy sản, hệ đại học)  |c Nguyễn Thị Thủy 
260 # # |a Đồng Tháp  |c 2014 
300 # # |a 124tr.  |c 30 cm 
653 # # |a Bài giảng 
653 # # |a đặc sản 
653 # # |a kỹ thuật nuôi cá 
653 # # |a cá cảnh 
852 # # |b Kho mượn  |j KGT.0052947 
852 # # |j KD.0021017  |j KGT.0052947 
852 # # |b Kho đọc  |j KD.0021017 
910 |d 14/05/2017 
980 # # |a Trung tâm Học liệu Lê Vũ Hùng, Trường Đại học Đồng Tháp